| 000 | 00872nam a2200253 a 4500 | ||
|---|---|---|---|
| 001 | BRCA_6490 | ||
| 005 | 20190320205458.0 | ||
| 008 | 260911s1932----gw-#######---#000-0#eng-# | ||
| 041 | _aeng | ||
| 044 | _agw | ||
| 050 | 4 |
_aPZ3 _b.B75 8 1932 |
|
| 100 | 1 |
_aDos Passos, John _d1896-1970 _916219 |
|
| 245 | 1 | 0 |
_aManhattan transfer _cby John Dos Passos. |
| 260 |
_aLeipzig, Alemania _bBernhard Tauchnitz _c1932 |
||
| 300 |
_a382 p. _c17 cm. |
||
| 440 | 0 |
_aCollection of British authors. Tauchnitz edition _vv. 5065 _916220 |
|
| 500 | _aEn la cubierta: Collection of British and American authors | ||
| 500 | _aVer tambiƩn CEF6, H144, L2, L15, L16, L17, L18, L19, L22, L23, L24, L25, L26, L27, L32, L166, N9, N11, N12, N13 y N17 | ||
| 500 | _aL20 | ||
| 650 | 1 | 4 |
_aLiteratura estodounidense _916221 |
| 650 | 1 | 4 |
_aLiteratura inglesa _916222 |
| 902 | _aGFM | ||
| 942 |
_2lcc _cB |
||
| 999 |
_c6174 _d6174 |
||